书目信息 |
| 题名: |
四、六级与考研英语写作新思路
|
|
| 作者: | 廖国强 , 黄银冬 主编 | |
| 分册: | ||
| 出版信息: | 北京 国防工业出版社 2007.01 |
|
| 页数: | 254页 | |
| 开本: | 21cm | |
| 丛书名: | ||
| 单 册: | ||
| 中图分类: | H315 | |
| 科图分类: | ||
| 主题词: | 英语--ying yu--写作--高等学校--水平考试--自学参考资料 , 英语--ying yu--写作--研究生--入学考试--自学参考资料 | |
| 电子资源: | ||
| ISBN: | 7-118-04828-3 | |
| 000 | 00929nam0 2200241 450 | |
| 001 | 012007908836 | |
| 005 | 20070926165001.01 | |
| 010 | @a7-118-04828-3@dCNY14.00 | |
| 100 | @a20070720d2007 km y0chiy0120 ea | |
| 101 | 0 | @achi@aeng |
| 102 | @aCN@b110000 | |
| 105 | @aa z 000yy | |
| 200 | 1 | @a四、六级与考研英语写作新思路@Asi、liu ji yu kao yan ying yu xie zuo xin si lu@f廖国强, 黄银冬主编@Fliao guo qiang,huang yin dong zhu bian |
| 210 | @a北京@c国防工业出版社@d2007.01 | |
| 215 | @a254页@c图@d21cm | |
| 330 | @a本书对大学英语四、六级考试和考研英语中的写作特点进行了详细地分析与比较,还对写作中常见的弊病进行分析并提出解决对策。 | |
| 606 | 0 | @a英语@Aying yu@x写作@x高等学校@x水平考试@j自学参考资料 |
| 606 | 0 | @a英语@Aying yu@x写作@x研究生@x入学考试@j自学参考资料 |
| 690 | @aH315@v4 | |
| 701 | 0 | @a廖国强@Aliao guo qiang@4主编 |
| 701 | 0 | @a黄银冬@Ahuang yin dong@4主编 |
| 801 | 0 | @aCN@c20070926 |
| 905 | @dH315@eL467 | |
| 四、六级与考研英语写作新思路/廖国强, 黄银冬主编.-北京:国防工业出版社,2007.01 |
| 254页:图;21cm |
| ISBN 7-118-04828-3:CNY14.00 |
| 本书对大学英语四、六级考试和考研英语中的写作特点进行了详细地分析与比较,还对写作中常见的弊病进行分析并提出解决对策。 |
| ● |
| 相关链接 |
|
|
|
正题名:四、六级与考研英语写作新思路
索取号:H315/L467
 
预约/预借
| 序号 | 登录号 | 条形码 | 馆藏地/架位号 | 状态 | 备注 |
| 1 | 245465 | 202454655 | 语言库209/209语言库 37排2列6层/ [索取号:H315/L467] | 在馆 | |
| 2 | 245466 | 202454664 | 语言库209/209语言库 37排2列6层/ [索取号:H315/L467] | 在馆 | |
| 3 | 245467 | 202454673 | 语言库209/400B社科库 9排1列2层/ [索取号:H315/L467] | 在馆 | |
| 4 | 245468 | 202454682 | 语言库209/209语言库 37排2列6层/ [索取号:H315/L467] | 在馆 | |
| 5 | 245469 | 202454691 | 语言库209/400B社科库 8排4列5层/ [索取号:H315/L467] | 在馆 |